Zdobywcy pucharu Słowenii - Statystyki

Ogólne statystyki
  • Ten quiz został rozwiązany 7 razy
  • Średni wynik to 8 z 12
Statystyki odpowiedzi
Puchary Klub % Poprawnych
9 Maribor
100%
1 Celje
80%
2 Domžale
80%
4 Koper
80%
1 NK Mura
80%
1 NŠ Mura
80%
4 Olimpija (1911)
80%
4 Olimpija (2005)
80%
3 Gorica
60%
2 Interblock
20%
1 Rogaška
20%
1 Rudar Velenje
20%
Nie znaleziono quizów pasujących do podanych kryteriów
Rozkład punktacji
Procent ludzi z każdym wynikiem
Percentyl według liczby udzielonych odpowiedzi
Twoja historia wyników
Nie rozwiązałeś tego quizu